Statistics for Countries of the World by Second Letter - U

Click here to take the quiz!

General Stats

  • This quiz has been taken 838 times
  • The average score is 16 of 20

Answer Stats

Country% Correct
Austria
93%
Australia
92%
Bulgaria
89%
Cuba
88%
Luxembourg
86%
Russia
86%
Hungary
83%
Suriname
82%
Kuwait
81%
Guinea
80%
Guyana
80%
Sudan
80%
Turkey
80%
Tuvalu
80%
Burundi
79%
Guinea Bissau
78%
Tunisia
78%
Turkmenistan
74%
Guatemala
72%
Burkina Faso
71%

Score Distribution

Percentile by Number Answered

Percent of People with Each Score

Your Score History

You have not taken this quiz